| 000 | 00805nam a2200217 i 4500 | ||
|---|---|---|---|
| 001 | 155994 | ||
| 003 | ES-MaACL | ||
| 005 | 20250901033717.0 | ||
| 008 | 190205s1971 sp |||| | spa d | ||
| 100 | 1 |
_aAujoulat, Louis-Paul. _9166135 |
|
| 245 | 1 | 3 |
_aEl desarrollo, como empresa popular / _cLouis-Paul Aujoulat ; introducción a la edición castellana por Antoni Pérez González ; [versión de Ramiro Gual]. |
| 260 |
_aBarcelona : _bNova Terra, _c1971. |
||
| 300 |
_a392 p. ; _c21 cm. |
||
| 490 | 1 |
_aColección "El Mundo y los Hombres" ; _v24 |
|
| 650 | 4 |
_aDesarrollo económico. _9153584 |
|
| 651 | 4 |
_aPaíses en desarrollo. _9166136 |
|
| 700 | 0 |
_aGual, Ramiro. _960284 |
|
| 830 | 0 | 0 |
_aColección el mundo y los hombres _v24 _9187821 |
| 852 |
_aES-MaACL _jP-437-bis-22 |
||
| 999 |
_c155994 _d155994 |
||